Glossary of terms concerning the construction, upkeep and management of buildings for the use of members of the Real Estate professions (Record no. 94491)

MARC details
000 -LEADER
fixed length control field 00613cam a2200193 4500
001 - CONTROL NUMBER
control field D1186
008 - FIXED-LENGTH DATA ELEMENTS--GENERAL INFORMATION
fixed length control field 090401t xxu||||| |||| 00| 0 eng d
035 ## - SYSTEM CONTROL NUMBER
System control number (Sirsi) u62921
041 ## - LANGUAGE CODE
Language code of text/sound track or separate title eng
050 ## - LIBRARY OF CONGRESS CALL NUMBER
Classification number 690.03
100 ## - MAIN ENTRY--PERSONAL NAME
Personal name Bailly, Paul Jean
245 ## - TITLE STATEMENT
Title Glossary of terms concerning the construction, upkeep and management of buildings for the use of members of the Real Estate professions
260 ## - PUBLICATION, DISTRIBUTION, ETC.
Place of publication, distribution, etc. Paris
Name of publisher, distributor, etc. FIABCI
Date of publication, distribution, etc. nd
300 ## - PHYSICAL DESCRIPTION
Extent 73p. 10 plates. 27cm
350 ## - PRICE (NR) (BK AM CF MU VM SE) [OBSOLETE]
Price 0
520 ## - SUMMARY, ETC.
Summary, etc. Plates illustrate part of buildings named in French, English, German and Spanish
942 ## - ADDED ENTRY ELEMENTS (KOHA)
Suppress in OPAC 0
948 ## - LOCAL PROCESSING INFORMATION (OCLC); SERIES PART DESIGNATOR (RLIN)
c (OCLC) 04/03/1997
Holdings
Withdrawn status Lost status Source of classification or shelving scheme Damaged status Not for loan Home library Current library Shelving location Date acquired Total Checkouts Full call number Barcode Date last seen Copy number Price effective from Koha item type
    Dewey Decimal Classification     London London Folio 14/09/1999   F690.03 30014630 03/06/2026 1 06/08/2019 Reference material